Sports Quiz

Random Sports or Football Quiz

Phillies Players in 2010 Quiz Stats

 Plays Quiz not verified by Sporcle

Challenge
Share
Tweet
Embed
Score 0/28 Timer 04:00
0 Plays Today
Position Name % Correct
InfielderRyan Howard
98.9%
InfielderJimmy Rollins
97.9%
InfielderChase Utley
96.8%
OutfielderShane Victorino
94.7%
OutfielderJayson Werth
94.7%
PitcherCole Hamels
94.7%
PitcherRoy Halladay
91.6%
CatcherCarlos Ruiz
89.5%
OutfielderRaul Ibanez
88.4%
PitcherBrad Lidge
82.1%
InfielderPlacido Polanco
80%
PitcherJoe Blanton
76.8%
PitcherJamie Moyer
74.7%
PitcherKyle Kendrick
64.2%
Position Name % Correct
CatcherBrian Schneider
61.1%
InfielderGreg Dobbs
60%
InfielderWilson Valdez
56.8%
InfielderJuan Castro
54.7%
PitcherJ.C. Romero
52.6%
PitcherJose Contreras
51.6%
PitcherDanys Baez
45.3%
OutfielderBen Francisco
42.1%
PitcherChad Durbin
42.1%
OutfielderRoss Gload
36.8%
PitcherAntonio Bastardo
29.5%
PitcherRyan Madson
27.4%
PitcherDavid Herndon
25.3%
PitcherJ.A. Happ
24.2%

You're not logged in!

Compare scores with friends on all Sporcle quizzes.
OR
Log In

You Might Also Like...

Show Comments

Extras

Created Jun 11, 2010ReportNominate
Tags:Football Quiz, 2010, player

Top Quizzes Today


Score Distribution

Your Account Isn't Verified!

In order to create a playlist on Sporcle, you need to verify the email address you used during registration. Go to your Sporcle Settings to finish the process.

Report this User

Report this user for behavior that violates our Community Guidelines.

Details: